France's commercial property market (Record no. 70185)

MARC details
000 -LEADER
fixed length control field 00903cam a2200193 4500
001 - CONTROL NUMBER
control field ABS65401
008 - FIXED-LENGTH DATA ELEMENTS--GENERAL INFORMATION
fixed length control field 020508n2002 000 0 eng u
035 ## - SYSTEM CONTROL NUMBER
System control number (Sirsi) u117860
245 ## - TITLE STATEMENT
Title France's commercial property market
260 ## - PUBLICATION, DISTRIBUTION, ETC.
Date of publication, distribution, etc. 2002
490 ## - SERIES STATEMENT
Series statement RICS European Alert
Volume/sequential designation April 2002,6(1)
520 ## - SUMMARY, ETC.
Summary, etc. Economic analysis of France's commercial property market. Figures show French GDP slowed to growth of 2.2% in 2001. The slow start for 2002 in consumer spending is likely to result in weaker property market with lower business investment and lower rates of new occupation. Concludes, however, that commercial market has managed to avoid high rates of speculative development which should prevent a sharp downturn. Graph.
590 ## - LOCAL NOTE (RLIN)
Local note ABS
650 ## - SUBJECT ADDED ENTRY--TOPICAL TERM
Topical term or geographic name entry element FRANCE
650 ## - SUBJECT ADDED ENTRY--TOPICAL TERM
Topical term or geographic name entry element PROPERTY MARKET
650 ## - SUBJECT ADDED ENTRY--TOPICAL TERM
Topical term or geographic name entry element PROPERTY-COMMERCIAL PROPERTY
690 ## - LOCAL SUBJECT ADDED ENTRY--TOPICAL TERM (OCLC, RLIN)
Topical term or geographic name as entry element INTERNATIONAL-EUROPE
942 ## - ADDED ENTRY ELEMENTS (KOHA)
Suppress in OPAC 0
Holdings
Withdrawn status Lost status Source of classification or shelving scheme Damaged status Not for loan Home library Current library Shelving location Date acquired Total Checkouts Full call number Barcode Date last seen Copy number Price effective from Koha item type
    Dewey Decimal Classification     London London Journal article 08/05/2002   ABS65401 117860-1001 06/08/2019 1 06/08/2019 Journal article